FIBA EuroBasket Champions - Statistics

General Stats
  • This quiz has been taken 1,596 times
    862 since last reset
  • The average score is 36 of 41
Answer Stats
Year Champion % Correct
2013 France
99%
2009 Spain
99%
2011 Spain
99%
2015 Spain
99%
2022 Spain
99%
1993 Germany
96%
1987 Greece
92%
2005 Greece
92%
1983 Italy
92%
1999 Italy
92%
1973 Yugoslavia
91%
1975 Yugoslavia
91%
1977 Yugoslavia
91%
1989 Yugoslavia
91%
1991 Yugoslavia
91%
1995 Yugoslavia
91%
1997 Yugoslavia
91%
2001 Yugoslavia
91%
2007 Russia
90%
1947 Soviet Union
90%
1951 Soviet Union
90%
1953 Soviet Union
90%
1957 Soviet Union
90%
1959 Soviet Union
90%
1961 Soviet Union
90%
1963 Soviet Union
90%
1965 Soviet Union
90%
1967 Soviet Union
90%
1969 Soviet Union
90%
1971 Soviet Union
90%
1979 Soviet Union
90%
1981 Soviet Union
90%
1985 Soviet Union
90%
2017 Slovenia
88%
1937 Lithuania
87%
1939 Lithuania
87%
2003 Lithuania
87%
1935 Latvia
71%
1955 Hungary
58%
1946 Czechoslovakia
54%
1949 Egypt
37%
No matching quizzes found
Score Distribution
Percent of People with Each Score
Percentile by Number Answered
Your Score History
You have not taken this quiz since the last reset